| 000 | 00000nam##2200000za#4500 |
| 001 | 9.588829 |
| 003 | CaOODSP |
| 005 | 20210624195335 |
| 007 | cr ||||||||||| |
| 008 | 150406|1987||||xxc|||||o f|0| 0 eng|d |
| 040 | |aCaOODSP|beng |
| 041 | |aeng |
| 041 | |afre |
| 043 | |an-cn--- |
| 086 | 1 |aCS99-115/1987-PDF |
| 245 | 00|aMaps - census divisions and subdivisions |h[electronic resource] |
| 260 | |aOttawa - Ontario : |bStatistics Canada |c1987. |
| 490 | 1 |aGeographic reference |v99-115 |
| 500 | |aHistorical census publication digitized by Statistics Canada. |
| 590 | |a13-07-Supp|b2013-03-25 |
| 690 | 07|aCensus data|2gcpds |
| 690 | 07|aDemographic maps|2gcpds |
| 710 | 2 |aStatistics Canada. |
| 792 | |tCartes - divisions et subdivisions de recensement |efre|w(CaOODSP)9.588830 |
| 830 | #0|aGeographic reference ;|v99-115|w(CaOODSP)9.500699 |
| 856 | 40|ahttp://publications.gc.ca|qPDF|s208.2 MB|uhttps://publications.gc.ca/collections/collection_2013/statcan/rh-hc/CS99-115-1987.pdf|y99-115 |